LEADER 01424nam 2200349 n 450 001 996396303703316 005 20221108040800.0 035 $a(CKB)4330000000330890 035 $a(EEBO)2240904272 035 $a(UnM)99837913 035 $a(EXLCZ)994330000000330890 100 $a19901019d1614 uy | 101 0 $aeng 135 $aurbn||||a|bb| 200 12$aA treatise of faith$b[electronic resource] $eWherein is briefly, and plainely shewed, a direct way, by which euery man may resolue, and settle his mind in all doubts, questions, & controuersies, concerning matters of faith. Revievved corrected, and augmented with marginall notes. By A.D. student in diuinity 210 $a[Saint-Omer $cEnglish College Press] Permissu superiorum$dM.DC.XIV. [1614] 215 $a[16], 188, [4] p 300 $aA.D. = John Fisher. 300 $aA later version of the text printed as part of: White, John. The way to the true Church. 300 $aPlace of publication and identification of printer from STC. 300 $aWith a final errata leaf; the last leaf is blank. 300 $aReproduction of the original in the British Library. 330 $aeebo-0018 700 $aFisher$b John$f1569-1641.$01007703 801 0$bCu-RivES 801 1$bCu-RivES 801 2$bCStRLIN 801 2$bWaOLN 906 $aBOOK 912 $a996396303703316 996 $aA treatise of faith$92322149 997 $aUNISA LEADER 01298nam 2200433 a 450 001 9910777394103321 005 20210106202956.0 010 $a1-282-18373-7 010 $a9786612183720 010 $a1-84839-697-X 035 $a(CKB)1000000000001015 035 $a(OCoLC)70765623 035 $a(CaPaEBR)ebrary10005861 035 $a(MiAaPQ)EBC3386037 035 $a(EXLCZ)991000000000001015 100 $a20150424d2001 uy| 0 101 0 $aeng 135 $aur||||||||||| 200 10$aBollywood$b[electronic resource] 210 $aHarpenden, GBR $cPocket Essentials$d2001 210 $cPocket Essentials 215 $a1 online resource (96 p.) 225 1 $aThe essential library 311 $a1-903047-45-5 410 0$aNew York times essential library. 606 $aMotion picture industry$zIndia 606 $aMotion pictures$zIndia$xHistory and criticism 606 $aPERFORMING ARTS$2bisac 606 $aFilm & Video / General$2bisac 615 0$aMotion picture industry 615 0$aMotion pictures$xHistory and criticism. 615 7$aPERFORMING ARTS 615 7$aFilm & Video / General 700 $aBanker$b Ashok$01561945 801 2$bAzTeS 906 $aBOOK 912 $a9910777394103321 996 $aBollywood$93829099 997 $aUNINA